Les départements dont la Préfecture n'est pas la plus peuplée - Statistiques

Statistiques générales
  • Ce quiz a été pris 39 fois
  • Le résultat moyen est 18 sur 24
Statistiques - réponses
Hint Réponse % Correct
Manche Cherbourg
97%
Finistère Brest
94%
Pas-de-Calais Calais
94%
Haut-Rhin Mulhouse
94%
Seine-Saint-Denis Saint-Denis
88%
Corrèze Brive-la-Gaillarde
85%
Seine-Maritime Le Havre
85%
Aisne Saint Quentin
82%
Morbihan Lorient
82%
Allier Montluçon
82%
Marne Reims
82%
Aude Narbonne
79%
Ardèche Aubenas
76%
Saône-et-Loire Chalon-sur-Saône
76%
Jura Dole
76%
Meuse Verdun
74%
Hauts-de-Seine Boulogne Billancourt
68%
Guadeloupe Pointe-à-Pitre
68%
Haute-Marne Saint Dizier
65%
Val-d'Oise Argenteuil
62%
Alpes-de-Haute-Provence Manosque
56%
Seine-et-Marne Meaux
56%
Ariège Pamiers
56%
Val-de-Marne Vitry-sur-Seine
26%
Aucun quiz correspondant
Distribution des résultats
% des personnes avec chaque résultat
Percentile par nombre de réponses
Votre historique - résultats
Vous n’avez pas pris ce quiz